Normal view
MARC view
- Rawat, Shesh Nath
Entry Personal Name
001 - CONTROL NUMBER
- control field: 1246
003 - CONTROL NUMBER IDENTIFIER
- control field: OSt
005 - DATE AND TIME OF LATEST TRANSACTION
- control field: 20160820135712.0
008 - FIXED-LENGTH DATA ELEMENTS
- fixed length control field: 160820|| aca||aabn | a|a d
040 ## - CATALOGING SOURCE
- Original cataloging agency: OSt
- Transcribing agency: OSt
100 ## - HEADING--PERSONAL NAME
- Personal name: Rawat, Shesh Nath
670 ## - SOURCE DATA FOUND
- Source citation: Work cat.: (OSt)13974: Rawat, Shesh Nath, Question bank on agricultural engineering, 2012
